| 000 | 01211nam a2200313 c 4500 | ||
|---|---|---|---|
| 003 | BLK | ||
| 005 | 20180420235050.0 | ||
| 008 | 180411b bul|||||r ||||||| ||bul|| | ||
| 010 | _aKNG00174953000 | ||
| 020 |
_a978-954-788-085-6 _bиздат.: Ел Уай |
||
| 040 | _aBLK | ||
| 041 |
_aBUL _cBUL |
||
| 072 | 7 |
_2bullib _aН20 _xРелигия. Теология Н |
|
| 080 |
_aАнабаптисти. Менонити. Баптисти. Адвентисти. Евангелисти _b286 _x _z286 |
||
| 139 |
_aАдвентистите от седмия ден вярват... _bА 28 |
||
| 245 | 1 | 0 |
_aАдвентистите от седмия ден вярват... _bБиблейско изложение на 28 основни учения |
| 257 | _aBGR | ||
| 260 |
_аСофия _bЕл Уай _c2013 _fСофия : ПК Димитър Благоев |
||
| 300 |
_a438 с. _bс табл., сх. _c24 см |
||
| 380 | _a2 | ||
| 650 | 4 |
_aАдвентисти _9146500 |
|
| 653 | _aадвентисти | ||
| 659 | _aН | ||
| 852 | _aЦб 274122 | ||
| 856 | 4 |
_qpdf _u |
|
| 856 | 4 |
_qpdf _u |
|
| 942 |
_cKNG _n0 |
||
| 944 |
_aCR _c08.05.2015 _kВиолета_Тройчева |
||
| 944 |
_aED _c02.10.2015 _kГрета_Цуфелде |
||
| 999 |
_c167162 _d167162 |
||